| 000 | 00406nam a22001457a 4500 | ||
|---|---|---|---|
| 020 | _a0-273-01938-4 | ||
| 082 |
_a652.5 _bHOL _cL-2, P-155 |
||
| 100 |
_aHollerbach, Law _944529 |
||
| 245 |
_aWord processing/ _cHollerbach, Law |
||
| 260 |
_aBritain, _bPitman publishing ltd _c1983. |
||
| 300 |
_a91p.: _bill,; _cz10 cm. |
||
| 526 |
_a0 _b0 _c0 _d652_500000000000000_HOL |
||
| 650 |
_aMCE _9379 |
||
| 942 |
_2ddc _cBK |
||
| 999 |
_c548300 _d548300 |
||